00739nam a2200229Ia 4500003000900000008004100009040001300050040001300063041000800076100002000084245009400104250001200198260001400210260000900224300001100233300001000244490002900254490000600283942000700289999001700296952019600313IT-RoPAU120407s9999 xx 000 0 und d aIT-RoPAU cIT-RoPAU aita aCuthbert Butler aIl misticismo occidentale. Contemplazione e vita contempl. di Agostino, Greg. e Bernardo. aBologna aIl Mulino c1970 a427 p. c21 cm aColl. di studi religiosi v1 cBK c34464d34464 00102ddc406208_63500000000000071aPAULUSbPAULUSd2012-04-11l0o208.635r2012-04-11 00:00:00w2012-04-11yBKzInserito da: Jole In data: 22 luglio 2011 fondo: Via A.Severo 56 Progr:13394